000 00577nam a2200217Ia 4500
005 20250923145703.0
008 008 250917s9999 xx 000 0 eng d
037 _aTextual
040 _aDSWL
_beng
_cDSWL
041 _aeng
_2eng
084 _aY:f, N77
_qDSWL
100 _aBell, C.
_9837939
245 0 _aDoing Sociological research
_c by C. Newby Bell
260 _aLondon
_bGeoge Allen
_c1977
300 _a186 p.
365 _aGBP
_b3.5
700 _a H Newby
_9837940
925 _g3.5
942 _cTEXL
_hY:f, N77
999 _c1454356
_d1454356